Регионална библиотека "Любен Каравелов" - Русе

Корпоративна култура – основното стратегическо предимство (Запис номер 179378)

MARC детайли
000 -Лидер
Контролно поле с фиксирана дължина 01627nam a2200385 c 4500
003 - Код на организацията, давaща контролен номер
Контролно поле BLK
005 - Дата и час на последна редакция
Контролно поле 20230622093924.0
008 - Елементи от данни с фиксирана дължина
fixed length control field 180411b bul|||||r ||||||| ||bul||
010 ## - Наследен системен номер
LC control number KNG00188157000
020 ## - Международен стандартен номер на книга ISBN
Международен стандартен номер на книга ISBN 978-954-8585-36-1
040 ## - Източник на каталожния запис
Идентификатор на билиотеката - собственик на записа BLK
041 ## - Код за език
Код за езика на текст/звукозапис или на отделно заглавие Български
Код за езика КДБФ Български
072 #7 - Код за тематичната категория
Код организация bullib
Код за тематична категория Н6201
Текст Мениджмънт Н
080 ## - УДК
Текстов определител УДК Методи на управление. Мениджмънт. Анализи, планиране, ръководство, сътрудничество, контрол, коопериране и др.
УДК код - определител по УДК 005.5
УДК - код + определител 005.5
100 1# - Редна дума - Автор
Автор Фламхолц, Ерик Г.
Авторска отговорност първи автор
R(LIN) 134366
139 ## - Редно поле
Редна дума Фламхолц, Ерик Г. и др.
Авторски знак Фл - Ф 60
245 10 - Сведения за заглавието
Заглавие Корпоративна култура – основното стратегическо предимство
Редно поле (дума) Ерик Г. Фламхолц; съавт. Ивон Рандъл.
257 ## - Страна на издаване
Страна на създаване/издаване Съединени американски щати
260 ## - Област на издателските данни
Име на издателя, разпространителя и проч. МаК
Година на издаване 2016
Печатница София : Skyprint
300 ## - Физическа характеристика
Страници 320 с.
Размери/Мащаб 21 см
380 ## - Жанр
Жанр Общ отдел
500 ## - Общи забележки
Забележка Прев. по Corporate Culture the ultimate strategic asset / Eric G. Flamholtz, Yvonne Randie. - За авт.
650 #4 - Допълнително описание по предмет – тема
Основно описание – тема или топоним Организационна култура
9 (RLIN) 291604
653 ## - Ключова дума – ненормативна
Ключова дума корпорации
653 ## - Ключова дума – ненормативна
Ключова дума културен мениджмънт
659 ## - Тематичен бюлетин
Тематичен бюлетин Н
700 1# - Други автори (авторска отговорност)
Лично име Рандъл, Ивон
Автороска отговорност (Описва отношението между автора и произведението) съавт.
9 (RLIN) 341755
852 ## - Местоположение
Форматна сигнатура Цб 280796
856 4# - Електронен адрес и достъп
Електронен формат pdf - файл
856 4# - Електронен адрес и достъп
Електронен формат pdf - файл
999 ## - СИСТЕМНИ КОНТРОЛНИ НОМЕРА
Koha biblionumber 179378
Koha biblioitemnumber 179378
942 ## - АРТИКУЛИ
Вид на библиотечния материал Книги
Скрит в OPAC Не
Периодичен библиозапис Да
Koha issues (borrowed), all copies 1
944 ## - СЪЗДАВАНЕ И РЕДАКЦИЯ на ЗАПИСА
Създаване/Редакция Създаване
Дата на регистрацията/редакция 01.06.2016
Служител, извършил регистрацията/редакцията Виолета_Тройчева
944 ## - СЪЗДАВАНЕ И РЕДАКЦИЯ на ЗАПИСА
Създаване/Редакция Редакция
Дата на регистрацията/редакция 25.07.2016
Служител, извършил регистрацията/редакцията Геновева_Генчева
999 ## - СИСТЕМНИ КОНТРОЛНИ НОМЕРА
Koha biblioitemnumber 179378
Наличности
Код за отписване Код за изгубен артикул Източник на класификационната схема Код за повреда Коз за рестрикции Код за отдаване Артикулен № Име на библиотеката - собственик Име на библиотеката, в която се намира в момента Статус (Текущо местоположение) Дата на вписване в системата Местоположение - отдел Цена в лева Инвентарен номер Систематично азбучна сигнатура Баркод Номер на екземпляра Цена в евро Служебна бележка Служебен тип на артикула
  Не е изгубен Universal Decimal Classification Не е повреден без рестрикции заемане за дома 307685 Регионална библиотека "Любен Каравелов" Русе Регионална библиотека "Любен Каравелов" Русе Заемна - подръчен фонд 2016-05-31 Заемна - подръчен фонд 18.00 120000800517 005.5/Ф 60 120000800517 1 9.20 Дост: Pk Вид: Ф N: 461 Дата: 30.05.2016 Дата инв: 06.02.2018 Бележки инв: П2018 Книги
Vip Innovations Ltd, Rousse, Bulgaria 2025